MARC details
| 000 -BAŞLIK |
| Sabit Uzunluktaki Kontrol Alanı |
01919nam a22004817a 4500 |
| 001 - KONTROL NUMARASI |
| Control Dosyası |
0067706 |
| 003 - KONTROL NUMARASI KİMLİĞİ |
| Kontrol Alanı |
KOHA_MİRAKIL |
| 005 - EN SON İŞLEM TARİHİ ve ZAMANI |
| Kontrol Alanı |
20260207004723.0 |
| 007 - FİZİKSEL TANIM SABİT ALAN - GENEL BİLGİ |
| Sabit uzunluklu kontrol alanı |
ta |
| 008 - SABİT UZUNLUKTAKİ VERİ ÖGELERİ - GENEL BİLGİ |
| Sabit Alan |
220920b2021 tu |||gr||||#0|||0|tur | |
| 020 ## - ISBN - ULUSLARARASI STANDART KİTAP NUMARASI |
| Isbn |
9789751749277 |
| 040 ## - KATALOGLAMA KAYNAĞI |
| Özgün Kataloglama Kurumu |
TR-BiSEU |
| Kataloglama Dili |
tur |
| Çeviri Kurumu |
TR-BiSEU |
| Açıklama Kuralları |
rda |
| 041 0# - DİL KODU |
| Metin ya da ses kaydının dil kodu |
tur |
| 044 ## - YAYINLAYAN/ÜRETEN KURULUŞUN ÜLKE KODU |
| ISO country code |
tu |
| 050 ## - SINIFLAMA ve YER NUMARASI |
| Sınıflama Numarası |
DR592.K4 |
| Yer Numarası |
O28 2021 |
| 245 0# - ESER ADI BİLDİRİMİ |
| Başlık |
Atatürk ve bilim: Ord. Prof. Dr. Aydın Sayılı külliyatı - 1/ |
| Sorumluluk Bildirimi |
editör Remzi Demir; derleyen İnan Kalaycıoğulları. |
| 250 ## - BASIM BİLDİRİMİ |
| Basım Bildirimi |
2. baskı |
| 264 #1 - ÜRERİM, YAYIN, DAĞITIM ve TELİF BİLDİRİMİ |
| Yayın yeri |
Ankara : |
| Yayınlayan |
Atatürk Kültür Merkezi Başkanlığı |
| Yayın tarihi |
2021 |
| 300 ## - FİZİKSEL TANIMLAMA |
| Sayfa, Cilt vb. |
vii, 358 sayfa ; |
| Boyutları |
24 cm. |
| 336 ## - İÇERİK TÜRÜ |
| Content type term |
metin |
| Content type code |
txt |
| Source |
rdacontent |
| 337 ## - MEDYA TÜRÜ |
| Media type term |
aracısız |
| Media type code |
n |
| Source |
rdamedia |
| 338 ## - TAŞIYICI TÜRÜ |
| Carrier type term |
cilt |
| Carrier type code |
nc |
| Source |
rdacarrier |
| 490 1# - DİZİ BİLDİRİMİ |
| Dizi Bildirimi |
Atatürk Kültür Merkezi Başkanlığı Yayını ; |
| Cilt Numarası |
556. |
| 490 1# - DİZİ BİLDİRİMİ |
| Dizi Bildirimi |
Araştırma-İnceleme Dizisi ; |
| Cilt Numarası |
191 |
| 650 #0 - KONU BAŞLIĞI EK GİRİŞ - KONU TERİMİ |
| Konusal terim veya coğrafi ad |
Atatürk, Mustafa Kemal, 1881-1938-- Bilimsel görüşler. |
| 9 (RLIN) |
128530 |
| 650 #0 - KONU BAŞLIĞI EK GİRİŞ - KONU TERİMİ |
| Konusal terim veya coğrafi ad |
Atatürk, Mustafa Kemal, 1881-1938--Views on science. |
| 9 (RLIN) |
128533 |
| 650 #0 - KONU BAŞLIĞI EK GİRİŞ - KONU TERİMİ |
| Konusal terim veya coğrafi ad |
Atatürk, Mustafa Kemal, 1881-1938--Eğitim hakkında görüşler. |
| 9 (RLIN) |
128531 |
| 650 #0 - KONU BAŞLIĞI EK GİRİŞ - KONU TERİMİ |
| Konusal terim veya coğrafi ad |
Atatürk, Mustafa Kemal, 1881-1938--Views on education. |
| 9 (RLIN) |
79635 |
| 650 #0 - KONU BAŞLIĞI EK GİRİŞ - KONU TERİMİ |
| Konusal terim veya coğrafi ad |
Bilim--Türkiye--Tarih. |
| 9 (RLIN) |
10977 |
| 650 #0 - KONU BAŞLIĞI EK GİRİŞ - KONU TERİMİ |
| Konusal terim veya coğrafi ad |
Science--Turkey--History |
| 9 (RLIN) |
10975 |
| 650 #0 - KONU BAŞLIĞI EK GİRİŞ - KONU TERİMİ |
| Konusal terim veya coğrafi ad |
Teknoloji--Türkiye--History |
| 9 (RLIN) |
128532 |
| 650 #0 - KONU BAŞLIĞI EK GİRİŞ - KONU TERİMİ |
| Konusal terim veya coğrafi ad |
Technology--Turkey--History |
| 9 (RLIN) |
46232 |
| 650 #0 - KONU BAŞLIĞI EK GİRİŞ - KONU TERİMİ |
| Konusal terim veya coğrafi ad |
Eğitim--Türkiye--Tarih |
| 9 (RLIN) |
13362 |
| 650 #0 - KONU BAŞLIĞI EK GİRİŞ - KONU TERİMİ |
| Konusal terim veya coğrafi ad |
Education--Turkey--History |
| 9 (RLIN) |
13361 |
| 650 #0 - KONU BAŞLIĞI EK GİRİŞ - KONU TERİMİ |
| Konusal terim veya coğrafi ad |
Bilim ve devlet--Türkiye--Tarih |
| 9 (RLIN) |
62876 |
| 650 #0 - KONU BAŞLIĞI EK GİRİŞ - KONU TERİMİ |
| Konusal terim veya coğrafi ad |
Science and state--Turkey--History |
| 9 (RLIN) |
62877 |
| 650 #0 - KONU BAŞLIĞI EK GİRİŞ - KONU TERİMİ |
| Konusal terim veya coğrafi ad |
Eğitim ve devlet--Türkiye--Tarih |
| 9 (RLIN) |
87671 |
| 650 #0 - KONU BAŞLIĞI EK GİRİŞ - KONU TERİMİ |
| Konusal terim veya coğrafi ad |
Education and state --Turkey--History |
| 9 (RLIN) |
128534 |
| 830 1# - SERİ EK GİRİŞİ - TEKBİÇİM ESER ADI |
| Tekbiçim Başlık |
Atatürk Kültür Merkezi Başkanlığı Yayını ; |
| Volume number/sequential designation |
556. |
| 9 (RLIN) |
28458 |
| 830 1# - SERİ EK GİRİŞİ - TEKBİÇİM ESER ADI |
| Tekbiçim Başlık |
Araştırma-İnceleme Dizisi ; |
| Volume number/sequential designation |
191 |
| 9 (RLIN) |
14051 |
| 907 ## - LOCAL DATA ELEMENT G, LDG (RLIN) |
| a |
Tarih |
| 942 ## - EK GİRİŞ ÖGELERİ (KOHA) |
| Source of classification or shelving scheme |
Library of Congress Classification |
| Koha item type |
Book |